| 000 | 00793nam a2200193 a 4500 | ||
|---|---|---|---|
| 008 | 120416s1991 ||||||||||||||||| || u | ||
| 020 | _a1558151591 | ||
| 050 | _aHB 615 Cul | ||
| 100 | _aBerger, Brigitte | ||
| 245 | 1 | 4 |
_aThe culture of entrepreneurship _cedited by Brigitte Berger |
| 260 |
_aNew Delhi _bTata McGraw-Hill _c1991 |
||
| 300 | _aviii ; 242 p. ; ill. | ||
| 350 | _a0.00 | ||
| 650 | 0 | _aECONOMICS | |
| 650 | 0 | _aENTREPRENEURSHIP | |
| 650 | _aPOLITICAL CULTURE | ||
| 995 |
_D0.00 _FCBU-MAIN LIBRARY (Kitwe) _H1 _I90.00 _M1 _UAVAILABLE _ZMain Library Open Access Collection |
||
| 995 |
_D0.00 _FCBU-MAIN LIBRARY (Kitwe) _H2 _I90.00 _UAVAILABLE _ZMain Library Open Access Collection |
||
| 999 |
_c62653 _d62653 |
||